000 00216nam a22000857a 4500
001 1235169
005 20250930105810.0
245 _aZAMAN ÇOK VE ZAMAN YOK
_cbrıgıtte labbe
260 _bGÜNIŞIĞI KİTAPLIĞI YAYINLARI
999 _c1235169
_d1235169